[Event "XL Obert Internacional Ciutat de Badalona-Memorial"]
[Site "Centro Civico La Salut, Av. Marques de Sant Mori s"]
[Date "2014.08.08"]
[Round "7"]
[Board "7"]
[White "Perpinya Rofes, Lluis Maria"]
[Black "Narciso Dublan, Marc"]
[Result "1/2-1/2"]
[WhiteElo "2391"]
[BlackElo "2515"]
[PlyCount "98"]
[EventDate "2014.08.02"]
[EventRounds "9"]
[EventCountry "ESP"]

1. e4 d6 2. d4 Nf6 3. Nc3 g6 4. Nf3 Bg7 5. Be2 O-O 6. O-O c6 7. a4 Qc7 8. a5 e5
9. dxe5 dxe5 10. Be3 Bg4 11. Nd2 Bxe2 12. Qxe2 Nbd7 13. f3 Rfd8 14. Qf2 b5 15.
axb6 axb6 16. Nc4 b5 17. Rxa8 Rxa8 18. Nb6 Nxb6 19. Bxb6 Qe7 20. Bc5 Qe6 21.
Rd1 Nd7 22. Be3 Bf8 23. Qd2 Nc5 24. b3 Qe8 25. Ne2 Ne6 26. Qc3 Be7 27. Ra1 Rc8
28. Ra7 c5 29. Qb2 b4 30. c3 Rb8 31. Ra1 h5 32. cxb4 Rxb4 33. Nc3 c4 34. Ra3
Nd4 35. Nd5 Rxb3 36. Rxb3 Nxb3 37. Qc3 Qb5 38. h4 Nd4 39. Kh2 Kh7 40. Bg5 Qb3
41. Qa5 Qc2 42. Kg3 Ne2+ 43. Kh2 c3 44. Qa7 Qd1 45. Nf6+ Bxf6 46. Bxf6 Kh6 47.
Qc5 Kh7 48. Qa7 Kh6 49. Qc5 Kh7 1/2-1/2

[Event "XL Obert Internacional Ciutat de Badalona-Memorial"]
[Site "Centro Civico La Salut, Av. Marques de Sant Mori s"]
[Date "2014.08.08"]
[Round "7"]
[Board "8"]
[White "Gomez Garrido, Camilo Ernesto"]
[Black "Sanchez Enriquez, Oscar Gerard"]
[Result "1/2-1/2"]
[WhiteElo "2496"]
[BlackElo "2374"]
[PlyCount "61"]
[EventDate "2014.08.02"]
[EventRounds "9"]
[EventCountry "ESP"]

1. e4 c5 2. Nf3 d6 3. d4 cxd4 4. Nxd4 Nf6 5. Nc3 a6 6. Bg5 Nbd7 7. Bc4 Qa5 8.
Qd2 e6 9. Bb3 b5 10. f3 Bb7 11. O-O-O b4 12. Nce2 Be7 13. h4 h6 14. Be3 d5 15.
exd5 Bxd5 16. Kb1 Rc8 17. g4 Bxb3 18. axb3 Nd5 19. Nf4 N7b6 20. g5 hxg5 21.
hxg5 Rxh1 22. Rxh1 g6 23. Nfxe6 fxe6 24. Qd3 Kd7 25. Qxg6 Nc7 26. Rh7 Nbd5 27.
f4 Re8 28. Bd2 Qb6 29. Qe4 Kc8 30. Rh6 Bc5 31. Nf3 1/2-1/2

[Event "XL Obert Internacional Ciutat de Badalona-Memorial"]
[Site "Centro Civico La Salut, Av. Marques de Sant Mori s"]
[Date "2014.08.08"]
[Round "7"]
[Board "9"]
[White "Sagar, Shah"]
[Black "Huerga Leache, Mikel"]
[Result "0-1"]
[WhiteElo "2339"]
[BlackElo "2457"]
[PlyCount "120"]
[EventDate "2014.08.02"]
[EventRounds "9"]
[EventCountry "ESP"]

1. Nf3 Nf6 2. c4 g6 3. Nc3 d5 4. cxd5 Nxd5 5. Qb3 Nb6 6. d4 Bg7 7. e4 Bg4 8.
Be3 Bxf3 9. gxf3 Nc6 10. O-O-O Nxd4 11. Qb4 e5 12. f4 a5 13. Qc5 Nd7 14. Qc4
Nb6 15. Qc5 Nd7 16. Qc4 Nb6 17. Qc5 Qe7 18. Qxe7+ Kxe7 19. fxe5 c5 20. f4 Rhd8
21. Nb5 Bh6 22. Bd3 Ne6 23. Rhf1 Nd7 24. Nc3 Nc7 25. Rde1 Kf8 26. Nd5 Rac8 27.
Kb1 Bg7 28. Bc4 b5 29. Nxc7 bxc4 30. Nd5 g5 31. e6 fxe6 32. fxg5+ Ke8 33. Nf6+
Bxf6 34. gxf6 Kf7 35. Rd1 a4 36. Rd6 Ne5 37. Rxd8 Rxd8 38. Bxc5 Rd2 39. Rf2
Rxf2 40. Bxf2 Ng4 41. Bh4 Nxh2 42. e5 Nf3 43. Bg3 h5 44. Kc2 h4 45. Bf4 h3 46.
Kc3 h2 47. Bxh2 Nxh2 48. Kxc4 Nf3 49. Kb4 Nxe5 50. Kxa4 Nd7 51. Kb5 e5 52. a4
e4 53. Kc4 Kxf6 54. b4 Ke5 55. Kc3 Kf4 56. Kd2 Kf3 57. Ke1 e3 58. a5 e2 59. a6
Ke3 60. a7 Ne5 0-1

[Event "XL Obert Internacional Ciutat de Badalona-Memorial"]
[Site "Centro Civico La Salut, Av. Marques de Sant Mori s"]
[Date "2014.08.08"]
[Round "7"]
[Board "10"]
[White "Vehi Bach, Victor Manuel"]
[Black "Rodriguez Cepedes, Amador"]
[Result "1/2-1/2"]
[WhiteElo "2316"]
[BlackElo "2427"]
[PlyCount "31"]
[EventDate "2014.08.02"]
[EventRounds "9"]
[EventCountry "ESP"]

1. e4 e5 2. Nf3 Nc6 3. Nc3 Nf6 4. Bb5 Bb4 5. O-O O-O 6. d3 Bxc3 7. bxc3 d6 8.
Re1 Bd7 9. d4 h6 10. Rb1 b6 11. h3 Re8 12. Bd3 Qe7 13. Ba3 Qd8 14. Bb2 Qe7 15.
Ba3 Qd8 16. Bb2 1/2-1/2

[Event "XL Obert Internacional Ciutat de Badalona-Memorial"]
[Site "Centro Civico La Salut, Av. Marques de Sant Mori s"]
[Date "2014.08.09"]
[Round "8"]
[Board "1"]
[White "Grigoryan, Karen H."]
[Black "Kohlweyer, Bernd"]
[Result "1-0"]
[WhiteElo "2595"]
[BlackElo "2422"]
[PlyCount "95"]
[EventDate "2014.08.02"]
[EventRounds "9"]
[EventCountry "ESP"]

1. d4 Nf6 2. c4 e6 3. Nc3 Bb4 4. f3 d5 5. a3 Bxc3+ 6. bxc3 Nc6 7. cxd5 exd5 8.
e3 Bf5 9. Ne2 O-O 10. g4 Nxg4 11. fxg4 Qh4+ 12. Ng3 Be4 13. Rg1 Qxh2 14. Nxe4
Qxg1 15. Nf2 Qg3 16. Bd3 Ne7 17. Ke2 f5 18. Qh1 g6 19. gxf5 c6 20. Qh3 Qxh3 21.
Nxh3 Nxf5 22. c4 Rae8 23. Bxf5 Rxf5 24. cxd5 Rxd5 25. Bb2 c5 26. dxc5 Rxc5 27.
Bd4 Rf5 28. Bxa7 g5 29. Rg1 h6 30. Bd4 Re6 31. Kd3 Kh7 32. Rb1 Rf7 33. Rb5 Kg6
34. a4 Ra6 35. a5 Rf5 36. Rxb7 Rfxa5 37. Nf2 Re6 38. e4 Kh5 39. Ke3 Ra3+ 40.
Nd3 Ra8 41. e5 Rf8 42. Ke4 Ree8 43. Bc5 Rf1 44. Rb6 Rd1 45. e6 Rd2 46. Ne5 g4
47. e7 g3 48. Be3 1-0

[Event "XL Obert Internacional Ciutat de Badalona-Memorial"]
[Site "Centro Civico La Salut, Av. Marques de Sant Mori s"]
[Date "2014.08.09"]
[Round "8"]
[Board "2"]
[White "Oliva Castaneda, Kevel"]
[Black "Palit, Somak"]
[Result "1/2-1/2"]
[WhiteElo "2446"]
[BlackElo "2397"]
[PlyCount "119"]
[EventDate "2014.08.02"]
[EventRounds "9"]
[EventCountry "ESP"]

1. Nf3 d5 2. c4 c6 3. e3 Nf6 4. Nc3 g6 5. d4 Bg7 6. Be2 O-O 7. O-O e6 8. b4
Nbd7 9. Qb3 b6 10. cxd5 Nxd5 11. Bb2 Nxc3 12. Bxc3 Bb7 13. a4 Qe7 14. a5 Rab8
15. axb6 axb6 16. Ra7 Rfc8 17. Rd1 Rc7 18. Qa3 Qd8 19. Nd2 Ra8 20. Bf3 Rcc8 21.
Nc4 Qc7 22. Rxa8 Rxa8 23. Qb2 Ra7 24. e4 Ba8 25. g3 c5 26. dxc5 Bxc3 27. Qxc3
bxc5 28. b5 Rb7 29. Qa1 Rb8 30. Rd6 Bb7 31. Qb2 Ra8 32. b6 Qc8 33. Rd1 Qc6 34.
Kg2 Qa4 35. Rc1 Rb8 36. Qa1 Qxa1 37. Rxa1 Bc6 38. Rb1 Kf8 39. Na5 Bb7 40. Kg1
f5 41. Nxb7 Rxb7 42. exf5 Rxb6 43. Rxb6 Nxb6 44. fxg6 hxg6 45. h4 Kg7 46. Kf1
Kf6 47. Ke2 Nc4 48. Be4 Nd6 49. Bb1 g5 50. h5 g4 51. h6 Nf5 52. h7 Kg7 53. Kd3
Kxh7 54. Kc4 Kg6 55. Kxc5 Kf6 56. Bc2 Ke5 57. Bd1 Nd6 58. Bxg4 Ne4+ 59. Kc6
Nxf2 60. Bxe6 1/2-1/2

[Event "XL Obert Internacional Ciutat de Badalona-Memorial"]
[Site "Centro Civico La Salut, Av. Marques de Sant Mori s"]
[Date "2014.08.09"]
[Round "8"]
[Board "3"]
[White "Huerga Leache, Mikel"]
[Black "Martinez Alcantara, Jose Eduardo"]
[Result "1/2-1/2"]
[WhiteElo "2457"]
[BlackElo "2379"]
[PlyCount "39"]
[EventDate "2014.08.02"]
[EventRounds "9"]
[EventCountry "ESP"]

1. e4 e6 2. d4 d5 3. Bd3 dxe4 4. Bxe4 Nf6 5. Bf3 c5 6. Ne2 Nc6 7. Be3 cxd4 8.
Nxd4 Ne5 9. Nc3 Bb4 10. Ndb5 Nxf3+ 11. Qxf3 O-O 12. a3 Bxc3+ 13. Nxc3 Qc7 14.
O-O-O Bd7 15. Qg3 Qxg3 16. hxg3 Bc6 17. f3 Nd5 18. Nxd5 Bxd5 19. g4 h6 20. b3
 1/2-1/2

[Event "XL Obert Internacional Ciutat de Badalona-Memorial"]
[Site "Centro Civico La Salut, Av. Marques de Sant Mori s"]
[Date "2014.08.09"]
[Round "8"]
[Board "4"]
[White "Munoz Pantoja, Miguel"]
[Black "Akshat, Khamparia"]
[Result "1/2-1/2"]
[WhiteElo "2451"]
[BlackElo "2362"]
[PlyCount "183"]
[EventDate "2014.08.02"]
[EventRounds "9"]
[EventCountry "ESP"]

1. e4 c5 2. Nf3 g6 3. c4 Bg7 4. d4 cxd4 5. Nxd4 Nc6 6. Be3 Nf6 7. Nc3 O-O 8.
Be2 b6 9. Qd2 Bb7 10. f3 e6 11. O-O d5 12. Nxc6 Bxc6 13. cxd5 exd5 14. e5 Ne8
15. Bd4 Nc7 16. f4 Qd7 17. f5 gxf5 18. Bd3 Ne6 19. Bxf5 Qe7 20. Bf2 Rad8 21.
Rae1 Qg5 22. Qxg5 Nxg5 23. Bh4 h6 24. Bd3 Rfe8 25. Bg3 Ne6 26. b4 Bf8 27. a3 a5
28. Rb1 axb4 29. axb4 Nc7 30. Rf6 Re6 31. Bh7+ Kg7 32. Bf5 d4 33. Nd1 Nd5 34.
Bxe6 fxe6 35. Rxe6 Bd7 36. Rd6 Bxd6 37. exd6 d3 38. Rb3 Bb5 39. Nf2 Ra8 40. h3
d2 41. d7 Nf6 42. Be5 Bxd7 43. Rd3 Be6 44. Rxd2 Kf7 45. Rd4 Nd5 46. Rh4 Kg6 47.
Nd3 Ra2 48. Nf4+ Nxf4 49. Rxf4 Bd5 50. Rg4+ Kf5 51. Bd4 b5 52. Be3 h5 53. Rg5+
Ke6 54. h4 Rc2 55. Bc5 Rc4 56. Rxh5 Rg4 57. Kf2 Rxg2+ 58. Ke3 Rg4 59. Rh8 Ke5
60. Bd4+ Kf5 61. Rh5+ Ke6 62. Rh6+ Kf7 63. h5 Re4+ 64. Kd3 Re6 65. Rh7+ Kg8 66.
Rg7+ Kf8 67. Rg5 Bc4+ 68. Kc3 Kf7 69. Bg7 Rd6 70. Rg3 Rd5 71. h6 Kg8 72. Rg6
Rd3+ 73. Kc2 Kh7 74. Rc6 Rh3 75. Rc7 Kg6 76. Bf8 Rf3 77. Bg7 Rf7 78. Rc6+ Kh7
79. Kc3 Rf1 80. Kd4 Rd1+ 81. Kc5 Bd3 82. Rd6 Rc1+ 83. Kb6 Bc4 84. Rd7 Rf1 85.
Kc6 Rf5 86. Kb6 Bf1 87. Bf8+ Kh8 88. Bd6 Rf6 89. h7 Rh6 90. Kc5 Rxh7 91. Be5+
Kg8 92. Kb6 1/2-1/2

[Event "XL Obert Internacional Ciutat de Badalona-Memorial"]
[Site "Centro Civico La Salut, Av. Marques de Sant Mori s"]
[Date "2014.08.09"]
[Round "8"]
[Board "5"]
[White "Lorenzo De La Riva, Lazaro"]
[Black "Cruz, Filemon"]
[Result "0-1"]
[WhiteElo "2415"]
[BlackElo "2439"]
[PlyCount "72"]
[EventDate "2014.08.02"]
[EventRounds "9"]
[EventCountry "ESP"]

1. e4 e5 2. Nf3 Nc6 3. d4 exd4 4. Nxd4 Bc5 5. Nb3 Be7 6. Nc3 Nf6 7. Bf4 d6 8.
Qd2 Be6 9. O-O-O O-O 10. f3 a5 11. Kb1 a4 12. Nd4 Nxd4 13. Qxd4 Nd7 14. Nd5
Bxd5 15. Qxd5 a3 16. b3 Nb6 17. Qxb7 Bg5 18. Bg3 Na4 19. Qb4 Qf6 20. e5 dxe5
21. bxa4 Rfb8 22. Bb5 c6 23. Rhe1 Bf4 24. Rd3 cxb5 25. axb5 Bxg3 26. hxg3 e4
27. Rb3 exf3 28. gxf3 h5 29. f4 Rb7 30. Qe4 Qb6 31. c4 Rc8 32. Rxa3 Qc5 33. Rb3
Rd7 34. Ka1 Rd2 35. Reb1 Qf2 36. Ra3 Re2 0-1

[Event "XL Obert Internacional Ciutat de Badalona-Memorial"]
[Site "Centro Civico La Salut, Av. Marques de Sant Mori s"]
[Date "2014.08.09"]
[Round "8"]
[Board "6"]
[White "Perez Mitjans, Orelvis"]
[Black "Buchenau, Frank"]
[Result "1-0"]
[WhiteElo "2435"]
[BlackElo "2250"]
[PlyCount "63"]
[EventDate "2014.08.02"]
[EventRounds "9"]
[EventCountry "ESP"]

1. e4 e6 2. d4 d5 3. Nc3 Nf6 4. Bg5 Bb4 5. e5 h6 6. Be3 Ne4 7. Qg4 g6 8. Nge2
c5 9. dxc5 Qa5 10. a3 Nc6 11. Rb1 Bxc3+ 12. bxc3 Nxe5 13. Qf4 Nc4 14. Rb4 e5
15. Qf3 f5 16. Bc1 Qxc5 17. Ng3 Ncd6 18. Nxe4 dxe4 19. Qg3 g5 20. Qh3 f4 21.
Qh5+ Ke7 22. Be2 Qxc3+ 23. Bd2 Qxc2 24. Qg6 Bd7 25. Qg7+ Nf7 26. Rxb7 Qc6 27.
Bb4+ Ke8 28. Rxd7 Qxd7 29. Bh5 Kd8 30. Bxf7 Kc7 31. Qxe5+ Kb6 32. Qc5+ 1-0

[Event "XL Obert Internacional Ciutat de Badalona-Memorial"]
[Site "Centro Civico La Salut, Av. Marques de Sant Mori s"]
[Date "2014.08.09"]
[Round "8"]
[Board "7"]
[White "Narciso Dublan, Marc"]
[Black "Vehi Bach, Victor Manuel"]
[Result "1-0"]
[WhiteElo "2515"]
[BlackElo "2316"]
[PlyCount "71"]
[EventDate "2014.08.02"]
[EventRounds "9"]
[EventCountry "ESP"]

1. g3 d5 2. Bg2 Nf6 3. d3 e5 4. Nf3 Bd6 5. c4 c6 6. cxd5 cxd5 7. O-O h6 8. e4
dxe4 9. dxe4 O-O 10. Nc3 Nc6 11. h3 Bc5 12. Qe2 Re8 13. Rd1 Qe7 14. Be3 Bxe3
15. Qxe3 Na5 16. b3 Bd7 17. Rac1 Bc6 18. Nh4 Bd7 19. Nd5 Nxd5 20. exd5 g5 21.
Nf3 b6 22. d6 Qf6 23. Rc7 Rad8 24. Rxa7 Nc6 25. Rb7 e4 26. Ne1 Re6 27. Nc2 Rxd6
28. Rxd6 Qxd6 29. Kh2 Re8 30. Qxb6 Qd2 31. Qe3 Qxc2 32. Rxd7 Re6 33. Rd2 Qb1
34. Qc3 Ne5 35. Rd4 f5 36. Rd5 1-0

[Event "XL Obert Internacional Ciutat de Badalona-Memorial"]
[Site "Centro Civico La Salut, Av. Marques de Sant Mori s"]
[Date "2014.08.09"]
[Round "8"]
[Board "8"]
[White "Aryan, Chopra"]
[Black "Gomez Garrido, Camilo Ernesto"]
[Result "0-1"]
[WhiteElo "2246"]
[BlackElo "2496"]
[PlyCount "77"]
[EventDate "2014.08.02"]
[EventRounds "9"]
[EventCountry "ESP"]

1. e4 c5 2. Nf3 d6 3. d4 cxd4 4. Nxd4 Nf6 5. Nc3 a6 6. Be3 e6 7. f3 b5 8. Qd2
Nbd7 9. g4 h6 10. O-O-O b4 11. Nce2 Qc7 12. h4 d5 13. Bf4 Bd6 14. Bxd6 Qxd6 15.
Bh3 dxe4 16. g5 e3 17. Qxe3 Nd5 18. Qg1 Bb7 19. gxh6 gxh6 20. Bxe6 fxe6 21.
Qg6+ Kd8 22. Nxe6+ Kc8 23. N2d4 Kb8 24. Nf5 Qc6 25. Rxd5 Qxd5 26. Rd1 Qe5 27.
Rxd7 Rc8 28. Rd3 a5 29. Re3 Qh2 30. Ne7 Qh1+ 31. Kd2 Qh2+ 32. Kc1 Bxf3 33. Rxf3
Qh1+ 34. Kd2 Qxf3 35. Nxc8 Ra6 36. Nb6 Rxb6 37. Qe8+ Ka7 38. Nd4 Qg2+ 39. Kd3
 0-1

[Event "XL Obert Internacional Ciutat de Badalona-Memorial"]
[Site "Centro Civico La Salut, Av. Marques de Sant Mori s"]
[Date "2014.08.09"]
[Round "8"]
[Board "9"]
[White "Cruz, Jonathan"]
[Black "Silva Rodriguez, Julio"]
[Result "1-0"]
[WhiteElo "2459"]
[BlackElo "2210"]
[PlyCount "101"]
[EventDate "2014.08.02"]
[EventRounds "9"]
[EventCountry "ESP"]

1. c4 Nf6 2. Nf3 e6 3. g3 d5 4. b3 Be7 5. Bg2 c5 6. O-O Nc6 7. cxd5 Nxd5 8. Bb2
Bf6 9. d4 cxd4 10. Nxd4 O-O 11. Nxc6 bxc6 12. Qd2 Ba6 13. Bf3 Bxb2 14. Qxb2 Qa5
15. Rc1 Rac8 16. Nc3 Rfd8 17. Ne4 c5 18. Qe5 Qb4 19. a3 Qd4 20. Qxd4 cxd4 21.
Nc5 Bxe2 22. Bxe2 Nc3 23. Rxc3 dxc3 24. b4 Rd2 25. Kf1 a5 26. Rc1 axb4 27. axb4
Rb2 28. Nd3 Rd2 29. Ke1 g6 30. b5 e5 31. f3 f5 32. Nxe5 f4 33. gxf4 Rf8 34.
Rxc3 Rb2 35. Rb3 Rxb3 36. Bc4+ Kg7 37. Bxb3 Rxf4 38. Bc2 Rb4 39. Bd3 Kf6 40.
Nc6 Rb2 41. Be2 g5 42. Kf2 h5 43. h3 Rb3 44. Bc4 Rc3 45. Be2 Kf5 46. Na5 Ke5
47. Nc4+ Kd5 48. Nd2 Rc2 49. Ne4 g4 50. hxg4 hxg4 51. Nf6+ 1-0

[Event "XL Obert Internacional Ciutat de Badalona-Memorial"]
[Site "Centro Civico La Salut, Av. Marques de Sant Mori s"]
[Date "2014.08.09"]
[Round "8"]
[Board "10"]
[White "Rodriguez Cepedes, Amador"]
[Black "Vidarte Morales, Arturo"]
[Result "1/2-1/2"]
[WhiteElo "2427"]
[BlackElo "2326"]
[PlyCount "44"]
[EventDate "2014.08.02"]
[EventRounds "9"]
[EventCountry "ESP"]

1. e4 e5 2. Nf3 Nc6 3. Bb5 a6 4. Ba4 Nf6 5. O-O b5 6. Bb3 Bc5 7. a4 Rb8 8. c3
d6 9. d4 Bb6 10. axb5 axb5 11. Na3 O-O 12. Nxb5 exd4 13. cxd4 Bg4 14. Be3 d5
15. e5 Ne4 16. Nc3 Nxd4 17. Bxd4 Bxd4 18. Qxd4 Rxb3 19. Nxe4 dxe4 20. Qxe4 Bxf3
21. gxf3 Rxb2 22. f4 Rd2 1/2-1/2

[Event "XL Obert Internacional Ciutat de Badalona-Memorial"]
[Site "Centro Civico La Salut, Av. Marques de Sant Mori s"]
[Date "2014.08.10"]
[Round "9"]
[Board "2"]
[White "Palit, Somak"]
[Black "Perez Mitjans, Orelvis"]
[Result "1/2-1/2"]
[WhiteElo "2397"]
[BlackElo "2435"]
[PlyCount "63"]
[EventDate "2014.08.02"]
[EventRounds "9"]
[EventCountry "ESP"]

1. e4 c5 2. b3 d6 3. Bb2 Nf6 4. Bb5+ Nbd7 5. Qe2 e6 6. f4 a6 7. Bd3 b5 8. c4
bxc4 9. Bxc4 Bb7 10. Nc3 Be7 11. Nf3 O-O 12. Bd3 d5 13. Rb1 dxe4 14. Nxe4 Nd5
15. g3 Nb4 16. Bc4 Nb6 17. O-O Nxc4 18. bxc4 Qd3 19. Qxd3 Nxd3 20. Bf6 Bxe4 21.
Bxe7 Rfe8 22. Ng5 Bf5 23. Rb7 Rab8 24. Rfb1 Rxb7 25. Rxb7 f6 26. Nf3 Be4 27.
Rd7 Rb8 28. Kf1 Nb2 29. Ne1 Bf5 30. Bxc5 Nxc4 31. Rd4 Nb2 32. Rb4 1/2-1/2

[Event "XL Obert Internacional Ciutat de Badalona-Memorial"]
[Site "Centro Civico La Salut, Av. Marques de Sant Mori s"]
[Date "2014.08.10"]
[Round "9"]
[Board "3"]
[White "Kohlweyer, Bernd"]
[Black "Narciso Dublan, Marc"]
[Result "0-1"]
[WhiteElo "2422"]
[BlackElo "2515"]
[PlyCount "94"]
[EventDate "2014.08.02"]
[EventRounds "9"]
[EventCountry "ESP"]

1. d4 Nf6 2. c4 e6 3. Nc3 Bb4 4. Nf3 b6 5. Bg5 h6 6. Bh4 g5 7. Bg3 Ne4 8. Rc1
Bxc3+ 9. bxc3 d6 10. Nd2 Nxg3 11. hxg3 Bb7 12. e4 Nd7 13. Bd3 Qe7 14. Qa4 Kf8
15. f3 Kg7 16. Kf2 h5 17. Nf1 h4 18. Ne3 Nf8 19. c5 dxc5 20. e5 a6 21. gxh4 b5
22. Qd1 cxd4 23. cxd4 Rd8 24. Bb1 gxh4 25. f4 Ng6 26. d5 Qb4 27. Bxg6 Qxf4+ 28.
Qf3 Qg3+ 29. Qxg3 hxg3+ 30. Kxg3 Rxh1 31. Rxh1 Kxg6 32. dxe6 fxe6 33. Rc1 Rd3
34. Kf4 Rd4+ 35. Kg3 Re4 36. Kf2 Ra4 37. Rxc7 Rxa2+ 38. Kg3 Bd5 39. Rd7 b4 40.
Nxd5 exd5 41. Kf4 a5 42. Rxd5 a4 43. Rd6+ Kf7 44. Rb6 b3 45. Rb4 Ra1 46. Kf5
Rf1+ 47. Kg4 Ke6 0-1

[Event "XL Obert Internacional Ciutat de Badalona-Memorial"]
[Site "Centro Civico La Salut, Av. Marques de Sant Mori s"]
[Date "2014.08.10"]
[Round "9"]
[Board "4"]
[White "Gomez Garrido, Camilo Ernesto"]
[Black "Munoz Pantoja, Miguel"]
[Result "1-0"]
[WhiteElo "2496"]
[BlackElo "2451"]
[PlyCount "101"]
[EventDate "2014.08.02"]
[EventRounds "9"]
[EventCountry "ESP"]

1. e4 e6 2. d4 d5 3. Nd2 c5 4. Ngf3 cxd4 5. exd5 Qxd5 6. Bc4 Qc5 7. O-O Nf6 8.
Qe2 Nc6 9. Nb3 Qh5 10. Rd1 Bc5 11. Nfxd4 Qxe2 12. Bxe2 Nxd4 13. Nxd4 O-O 14.
Bf3 e5 15. Nb3 Bb6 16. Be3 Bxe3 17. fxe3 Bg4 18. Kf2 Rac8 19. c3 Rc7 20. h3 Bf5
21. g4 Bg6 22. Nc1 Bc2 23. Rd6 Ne4+ 24. Bxe4 Bxe4 25. Ne2 f5 26. g5 Re7 27.
Rad1 Bc6 28. h4 g6 29. c4 Kg7 30. b4 a6 31. Nc3 h6 32. b5 axb5 33. cxb5 Be8 34.
Nd5 Rd7 35. Rxd7+ Bxd7 36. Nc7 Rf7 37. Rd6 hxg5 38. hxg5 f4 39. e4 Bg4 40. Ne8+
Kf8 41. Nf6 Ke7 42. Rb6 Bc8 43. Nd5+ Kf8 44. Rxg6 Rh7 45. Rh6 Kg7 46. Rxh7+
Kxh7 47. a4 Kg7 48. Nb6 Be6 49. a5 Bb3 50. Nd7 Ba4 51. b6 1-0

[Event "XL Obert Internacional Ciutat de Badalona-Memorial"]
[Site "Centro Civico La Salut, Av. Marques de Sant Mori s"]
[Date "2014.08.10"]
[Round "9"]
[Board "5"]
[White "Martinez Alcantara, Jose Eduardo"]
[Black "Cruz, Jonathan"]
[Result "0-1"]
[WhiteElo "2379"]
[BlackElo "2459"]
[PlyCount "122"]
[EventDate "2014.08.02"]
[EventRounds "9"]
[EventCountry "ESP"]

1. c4 e5 2. g3 Nf6 3. Bg2 g6 4. Nc3 Bg7 5. e4 d6 6. Nge2 O-O 7. O-O Nc6 8. d3
Nh5 9. Nd5 Be6 10. Be3 Qd7 11. Qd2 f5 12. exf5 Bxf5 13. b4 Rae8 14. b5 Nd4 15.
Nxd4 exd4 16. Bg5 c6 17. bxc6 bxc6 18. Nb4 Rc8 19. Rfe1 Rf7 20. Rab1 a5 21. Nc2
Rcf8 22. Rb6 Bh3 23. Bxc6 Qc7 24. Reb1 h6 25. Bd5 hxg5 26. Rb7 Qd8 27. R1b6 Kh7
28. Bxf7 Rxf7 29. Nxd4 Rxb7 30. Rxb7 Qa8 31. Nf3 Qxb7 32. Nxg5+ Kh8 33. Nxh3
Qd7 34. Ng5 Qf5 35. Qe3 Qe5 36. Ne4 Nf6 37. Nxf6 Bxf6 38. Qf3 Kh7 39. Kg2 Bg7
40. h4 Qf5 41. Qe4 a4 42. Qd5 Qxd5+ 43. cxd5 Bc3 44. f4 Be1 45. Kf3 Kg7 46. Kg4
Kf6 47. d4 Kf7 48. Kf3 Ke7 49. Kg4 Kf6 50. Kf3 Kf5 51. g4+ Kf6 52. Ke4 Bxh4 53.
Kf3 Be1 54. Ke4 Bd2 55. g5+ Kf7 56. Kf3 Ke7 57. Kg4 Kd7 58. Kf3 Bc1 59. Ke4 Kc7
60. Kf3 Kb6 61. Ke4 Kb5 0-1

[Event "XL Obert Internacional Ciutat de Badalona-Memorial"]
[Site "Centro Civico La Salut, Av. Marques de Sant Mori s"]
[Date "2014.08.10"]
[Round "9"]
[Board "6"]
[White "Akshat, Khamparia"]
[Black "Huerga Leache, Mikel"]
[Result "1-0"]
[WhiteElo "2362"]
[BlackElo "2457"]
[PlyCount "91"]
[EventDate "2014.08.02"]
[EventRounds "9"]
[EventCountry "ESP"]

1. d4 Nf6 2. c4 c5 3. d5 b5 4. Nf3 e6 5. dxe6 fxe6 6. cxb5 Bb7 7. g3 d5 8. Bh3
a6 9. O-O axb5 10. b4 Bc8 11. Nc3 Bd7 12. Ng5 cxb4 13. Nxb5 Bxb5 14. Nxe6 Qb6
15. Be3 Qb7 16. Rc1 Nc6 17. Bf4 Kf7 18. Ng5+ Ke7 19. e4 h6 20. exd5 hxg5 21.
Re1+ Kf7 22. Be6+ Kg6 23. Qc2+ Kh6 24. dxc6 Bxc6 25. Bxg5+ Kxg5 26. Qf5+ Kh6
27. Rxc6 Ra5 28. Qf4+ Kh7 29. Rc7 Qb6 30. Qxf6 Qxc7 31. Qh4+ Kg6 32. Qxh8 Qc3
33. Rf1 Qf6 34. Bb3 Bc5 35. Qe8+ Kh6 36. Qh8+ Kg6 37. Qe8+ Kh6 38. Qe2 Ra7 39.
Rc1 Bd4 40. Rc2 Re7 41. Qd2+ g5 42. Qxb4 Re4 43. Qb7 Re1+ 44. Kg2 Rc1 45. Rxc1
Qxf2+ 46. Kh1 1-0

[Event "XL Obert Internacional Ciutat de Badalona-Memorial"]
[Site "Centro Civico La Salut, Av. Marques de Sant Mori s"]
[Date "2014.08.10"]
[Round "9"]
[Board "7"]
[White "Lopez Martinez, Josep Manuel"]
[Black "Oliva Castaneda, Kevel"]
[Result "1/2-1/2"]
[WhiteElo "2549"]
[BlackElo "2446"]
[PlyCount "151"]
[EventDate "2014.08.02"]
[EventRounds "9"]
[EventCountry "ESP"]

1. e4 c5 2. Nf3 d6 3. d4 cxd4 4. Nxd4 Nf6 5. Nc3 g6 6. Be3 Bg7 7. f3 O-O 8. Qd2
Nc6 9. g4 Be6 10. Nxe6 fxe6 11. O-O-O Ne5 12. Be2 Qc8 13. h4 Nfd7 14. f4 Nc4
15. Bxc4 Qxc4 16. e5 Nb6 17. h5 dxe5 18. fxe5 Bxe5 19. hxg6 hxg6 20. Qg2 Nd5
21. Nxd5 exd5 22. Qxd5+ Qxd5 23. Rxd5 Bd6 24. Kd1 Kf7 25. c4 b6 26. Rg5 e5 27.
Rh7+ Kf6 28. Rh6 Rg8 29. Rf5+ Kg7 30. Rf3 Bc5 31. g5 Be7 32. Ke2 Rad8 33. Rfh3
Kf7 34. Rh7+ Ke6 35. Rf3 Rh8 36. Rff7 Rxh7 37. Rxh7 Rd7 38. Rg7 Kf5 39. c5 Rc7
40. cxb6 axb6 41. a4 e4 42. Rxe7 Rxe7 43. Bxb6 Ke5 44. b4 Rh7 45. a5 Rh2+ 46.
Ke3 Rh3+ 47. Kd2 Ra3 48. b5 Kd5 49. a6 Kc4 50. a7 Kxb5 51. Be3 Kc4 52. Bb6 Kd5
53. Be3 Ke5 54. Kc2 Kd5 55. Kb2 Ra6 56. Kb3 Kc6 57. Kc4 Ra3 58. Kb4 Ra1 59. Kc4
Ra4+ 60. Kb3 Kb5 61. Bd4 Ra6 62. Be3 Ra5 63. Bd4 Kc6 64. Kb4 Ra6 65. Kc4 Kb7
66. Kd5 Ra5+ 67. Kxe4 Rxg5 68. Kf4 Ra5 69. Be3 Kc7 70. Kg4 Kd7 71. Bb6 Ra6 72.
Kf4 Ke6 73. Kg5 Kf7 74. Kf4 Kg7 75. Ke5 Rxa7 76. Bxa7 1/2-1/2

[Event "XL Obert Internacional Ciutat de Badalona-Memorial"]
[Site "Centro Civico La Salut, Av. Marques de Sant Mori s"]
[Date "2014.08.10"]
[Round "9"]
[Board "8"]
[White "Sanchez Enriquez, Oscar Gerard"]
[Black "Panelo, Marcelo"]
[Result "0-1"]
[WhiteElo "2374"]
[BlackElo "2445"]
[PlyCount "79"]
[EventDate "2014.08.02"]
[EventRounds "9"]
[EventCountry "ESP"]

1. d4 Nf6 2. Bg5 c5 3. d5 Ne4 4. h4 Qb6 5. Nd2 Nxd2 6. Bxd2 Qxb2 7. Rh3 Qb6 8.
e4 d6 9. Rb3 Qd8 10. Nf3 g6 11. Bc3 f6 12. Bb5+ Kf7 13. a4 Kg8 14. Nd2 Bh6 15.
Be2 Nd7 16. g3 Bg7 17. Bg4 f5 18. Bxg7 Kxg7 19. exf5 Nf6 20. Bf3 gxf5 21. Nc4
Rg8 22. Qd2 Kh8 23. O-O-O b6 24. Re1 Rg7 25. Rbe3 Bd7 26. h5 Qf8 27. Qc3 h6 28.
Re6 Bxe6 29. Rxe6 Rf7 30. Ne3 Qg7 31. Nxf5 Qg5+ 32. Ne3 Rg7 33. Kb1 Rf8 34. g4
Nxh5 35. Nf5 Rxf5 36. gxf5 Nf6 37. Re1 Kh7 38. Qd3 Qf4 39. c4 Kg8 40. Rh1 0-1